[Event "Berlin-ch qualification"]
[Site "Berlin-Lichtenrade"]
[Date "2012.04.09"]
[Round "3.14"]
[White "Sandbrand, Alexandru"]
[Black "Mahler, Sonja"]
[Result "0-1"]
[WhiteElo "1310"]
[BlackElo "1635"]
[PlyCount "70"]
[EventDate "2012.04.08"]
[EventType "swiss"]
[EventRounds "9"]
[EventCountry "GER"]
[SourceTitle "EXT 2022"]
[Source "ChessBase"]
[SourceDate "2021.10.06"]
[SourceVersion "1"]
[SourceVersionDate "2021.10.06"]
[SourceQuality "1"]

1. e4 e5 2. Nf3 Nc6 3. Bc4 h6 4. c3 Nf6 5. d4 exd4 6. cxd4 Nxe4 7. 0-0 d5 8. Bb3 Be7 9. Nc3 Nf6 10. Ne5 Be6 11. Ba4 Bd7 12. Bb3 Be6 13. Ba4 Bd7 14. Bb3 Nxe5 15. dxe5 Ng4 16. Qxd5 0-0 17. h3 c6 18. Qe4 Nxe5 19. Qxe5 Bf6 20. Qe4 Re8 21. Qd3 Qc8 22. Bf4 Bf5 23. Qg3 g5 24. h4 Kh7 25. hxg5 Rg8 26. Rfe1 Bxg5 27. Bxf7 Rg7 28. Bh5 Bd8 29. Re8 Rxg3 30. fxg3 Bg6 31. Bxg6+ Kxg6 32. Bxh6 Bb6+ 33. Be3 Qxe8 34. Bxb6 axb6 35. a3 Qe3+ 0-1

[Event "Berlin Eckbauer op 14th"]
[Site "Berlin"]
[Date "2011.10.31"]
[Round "3.31"]
[White "Eichhoff, Matthias"]
[Black "Sandbrand, Alexandru"]
[Result "1-0"]
[WhiteElo "1359"]
[BlackElo "1302"]
[PlyCount "41"]
[EventDate "2011.10.17"]
[EventType "swiss"]
[EventRounds "7"]
[EventCountry "GER"]
[SourceTitle "EXT 2022"]
[Source "ChessBase"]
[SourceDate "2021.10.06"]
[SourceVersion "1"]
[SourceVersionDate "2021.10.06"]
[SourceQuality "1"]

1. d4 Nf6 2. Bf4 d6 3. Nf3 Bg4 4. Nbd2 Nc6 5. e3 e5 6. Bg5 h6 7. Bxf6 Qxf6 8. c3 d5 9. dxe5 Nxe5 10. Qa4+ Bd7 11. Qb3 Bc6 12. Nxe5 Qxe5 13. 0-0-0 a6 14. Nf3 Qe6 15. Nd4 Qd7 16. Nxc6 Qxc6 17. Qxd5 Qxd5 18. Rxd5 Bd6 19. h4 0-0 20. g4 c6 21. Rxd6 1-0

[Event "Potsdam Christmas 35th"]
[Site "Potsdam"]
[Date "2010.12.28"]
[Round "3.46"]
[White "Sandbrand, Alexandru"]
[Black "Gersdorf, Victoria"]
[Result "0-1"]
[WhiteElo "1374"]
[BlackElo "881"]
[PlyCount "128"]
[EventDate "2010.12.27"]
[EventType "swiss"]
[EventRounds "7"]
[EventCountry "GER"]
[SourceTitle "EXT 2022"]
[Source "ChessBase"]
[SourceDate "2021.10.06"]
[SourceVersion "1"]
[SourceVersionDate "2021.10.06"]
[SourceQuality "1"]

1. e4 e5 2. Nf3 Nf6 3. Bc4 d5 4. exd5 Nxd5 5. Nc3 Nf4 6. 0-0 Bb4 7. Nxe5 0-0 8. Nf3 Bg4 9. a3 Bd6 10. d3 Bxf3 11. Qxf3 Qh4 12. g3 Nh3+ 13. Kh1 Qf6 14. Bd5 Ng5 15. Qxf6 gxf6 16. Bxb7 Nd7 17. Bxa8 Rxa8 18. d4 h5 19. d5 h4 20. gxh4 Nf3 21. Nb5 Bxh2 22. Nxc7 Bxc7 23. h5 Kf8 24. a4 Ke7 25. Ra3 Nde5 26. Bf4 Rh8 27. h6 Nd4 28. Rg3 Ne2 29. Rg7 Nxf4 30. h7 Nf3 31. Rd1 Nh5 32. Rg8 Rxh7 33. Kg2 Nh4+ 34. Kf1 Nf4 35. c4 Nf3 36. Rg1 Nxg1 37. f3 Nxf3 38. Kf2 Rh3 39. Ke3 Ng5+ 40. Kf2 Ne4+ 41. Kg1 Ne2+ 42. Kf1 N4g3+ 43. Kf2 Bb6+ 44. Kf3 Ng1+ 45. Kg2 N1e2 46. Kxh3 Bc7 47. c5 Nf5 48. Re1 Nfd4 49. b4 Kf8 50. d6 Nf4+ 51. Kg4 Ng2 52. Re4 f5+ 53. Kg5 Ne6+ 54. Kf6 Bd8+ 55. Kxf5 Ng7+ 56. Kg4 f5+ 57. Kg3 fxe4 58. Kxg2 e3 59. c6 Ne6 60. Kf3 Bg5 61. b5 Ke8 62. Ke2 Nd4+ 63. Ke1 e2 64. a5 Bh4+ 0-1